000 00727nac a22002297a 4500
001 BR9300499
003 BR-BrBNA
005 20240105121342.0
008 230509b bl.|||m| |||| 00| 0 por d
040 _aBR-BrBNA
_bpor
_cBiblioteca Nacional de Agricultura
072 _aJ10
090 _aJ10 BR9300499
110 1 _aCompanhia Brasileira de Armazenamento, Brasilia, DF (Brasil)
_92307
245 1 _aRelatorio da administracao 1988 [CIBRAZEM]
260 3 _aBrasilia, DF (Brasil):
_c1989.
300 _a8 p.
490 _aRelatorio - Companhia Brasileira de Armazenamento (Brazil)
_v
_x
650 _aArmazenamento
650 _aAbastecimento
909 _a202312
_bLúcia Elande
_c55
_dLúcia Elande
942 _2AGRIS
_n0
_cMS
999 _c284803
_d284803